00470nam a22001097a 4500008004100000040005500041080003100096245014200127260006000269650001600329653001500345230503b |||||||| |||| 00| 0 eng d aNational Science LibrarycNational Science Library aI 681.78.015.2(048.1) bM0 aSymposium on infrared technology and instrumentation: bProgramme & abstracts c/ Bhabha Atomic Research Centre, Bombay, March 5-7, 1980  aIndia: bElectronic & Instrumentation Committee, c1980 aIndustries  aSafranine